00551cam a2200169 i 4500020004400000020003800044040000800082082002600090100002400116245007700140300002900217490004900246650002100295650002100316650002800337650001600365 a9780820335780 (hard bound : alk. paper) a9780820349718 (pbk. : alk. paper) cDLC00a338 GIE 1992 C156 Or. aGisolfi, Monica R.,14aThe takeover :bchicken farming and the roots of American agribusiness / axvi, 104 pages ;c23 cm.0 aEnvironmental history and the American South 0aPoultry industry 0aPoultry industry 0aAgricultural industries 0aAgriculture